Burrish-i qalam /

Saved in:
Bibliographic Details
Main Author: Aḥmad, Shamīm, 1933-
Format: Book
Language:Urdu
Published: Koʾiṭah : Maktabah-yi Mūʾ-i Qalam, 1983.
Subjects:
Tags: Add Tag
No Tags, Be the first to tag this record!
LEADER 00654cam a2200229 a 4500
001 006970710-3
005 20020606163548.3
008 850118s1983 pk 000 0 urdo
010 |a  84930001 /SA/r90 
020 |c Rs50.00 (pbk.) 
035 0 |a ocm11726614 
040 |a DLC  |c DLC  |d HLS 
043 |a a-ii---  |a a-pk--- 
050 0 0 |a PK2151  |b .A37 1983 
100 1 |a Aḥmad, Shamīm,  |d 1933- 
245 1 0 |a Burrish-i qalam /  |c Shamīm Aḥmad. 
260 |a Koʾiṭah :  |b Maktabah-yi Mūʾ-i Qalam,  |c 1983. 
300 |a 399 p. ;  |c 21 cm. 
500 |a In Urdu. 
650 0 |a Urdu literature  |y 20th century  |x History and criticism. 
988 |a 20020608 
906 |0 DLC